<?xml version="1.0" encoding="UTF-8"?>
<marc:record xmlns:marc="http://www.loc.gov/MARC21/slim">
   <marc:leader>00000nam a2200000 a 4500</marc:leader>
   <marc:datafield ind1="1" ind2=" " tag="100">
      <marc:subfield code="a">Treiber, Jutta</marc:subfield>
      <marc:subfield code="4">aut</marc:subfield>
      <marc:subfield code="e">Verfasser/-in</marc:subfield>
   </marc:datafield>
   <marc:datafield ind1="1" ind2=" " tag="100">
      <marc:subfield code="a">Antoni, Birgit (Ill.)</marc:subfield>
      <marc:subfield code="4">aut</marc:subfield>
      <marc:subfield code="e">Verfasser/-in</marc:subfield>
   </marc:datafield>
   <marc:datafield ind1="0" ind2="0" tag="245">
      <marc:subfield code="a">Maxeline Regenschirm</marc:subfield>
   </marc:datafield>
   <marc:datafield ind1="0" ind2="0" tag="245">
      <marc:subfield code="c">Jutta Treiber ; Birgit (Ill.) Antoni</marc:subfield>
   </marc:datafield>
   <marc:datafield ind1=" " ind2="1" tag="264">
      <marc:subfield code="a">Wien</marc:subfield>
      <marc:subfield code="b">Dachs-Verl.</marc:subfield>
      <marc:subfield code="c">2003</marc:subfield>
   </marc:datafield>
   <marc:datafield ind1=" " ind2=" " tag="250">
      <marc:subfield code="a">M.Abb.</marc:subfield>
   </marc:datafield>
   <marc:datafield ind1="1" ind2=" " tag="520">
      <marc:subfield code="a">"Ganz und gar nicht klar!", findet der Regenschirm." Ich freu mich, wenn es regnet. Da komm ich nämlich ein bisschen an die frische Luft. Ich liebe Regenwetter." Dass Tante Heide dem Schirm ihre Stimme leiht, ist nicht so wichtig. Richtig glücklich ist er, als die ersten Tropfen fallen, und zeigt der verwunderten Maxeline, wie lustig es im Regen sein kann. Besonders mit einem Schirm, der gerne plaudert, duscht und Ringelspiel fährt! Ein weiterer bezaubernder Titel des Duos Treiber / Antoni, das bereits mit seinem Bilderbuch "Weil - das wird immer so sein" großen Erfolg hatte." - "Jutta Treiber mit ihrer sensiblen Erzählung und Birgit Antoni mit den fröhlich-bunten Illustrationen haben hier ein ganz liebenswertes Bilderbuch gestaltet, das unbedingt zu empfehlen ist für Kinder ab vier Jahren." bibliotheks nachrichten über "Weil - das wird immer so sein"</marc:subfield>
   </marc:datafield>
   <marc:datafield ind1=" " ind2=" " tag="020">
      <marc:subfield code="a">3851913078</marc:subfield>
      <marc:subfield code="9">3851913078</marc:subfield>
   </marc:datafield>
   <marc:datafield ind1=" " ind2=" " tag="300">
      <marc:subfield code="a">25 gez. S.</marc:subfield>
   </marc:datafield>
</marc:record>
